[Event "SK Nordhorn-Blanke-Turm Lüneburg"]
[Site "?"]
[Date "2020.09.11"]
[Round "3.3"]
[White "Ziller, Anton"]
[Black "Rudi, Jonathan"]
[Result "0-1"]
[WhiteElo "1542"]
[BlackElo "1692"]
[PlyCount "78"]
[EventDate "2020.??.??"]
[WhiteTeam "Turm Lüneburg"]
[BlackTeam "SK Nordhorn-Blanke"]

1. c4 e5 2. g3 Nc6 3. Bg2 d6 4. Nc3 Be6 5. d3 Qd7 6. e4 g6 7. Nge2 Bh6 8. O-O
O-O-O 9. a3 Bxc1 10. Qxc1 Bh3 11. b4 h5 12. Qe3 Kb8 13. b5 Na5 14. Nd5 h4 15.
Qf3 Rf8 16. Rfb1 Bxg2 17. Qxg2 f5 18. f4 hxg3 19. Nxg3 Nh6 20. h3 Rhg8 21. Qd2
exf4 22. Qxf4 g5 23. Qd2 f4 24. Kg2 b6 25. Nh5 Qe6 26. Rh1 Nb7 27. Kf2 Nc5 28.
Rae1 Nd7 29. Qc3 Qf7 30. d4 Qxh5 31. Ne7 Qh4+ 32. Ke2 f3+ 33. Kd1 f2 34. Ref1
Rg7 35. Nc6+ Kc8 36. d5 Rgf7 37. Nd4 Qxe4 38. Ne6 Qxh1 39. Qd3 Qf3+ 0-1

[Event "SK Nordhorn-Blanke-Turm Lüneburg"]
[Site "?"]
[Date "2020.09.11"]
[Round "3.4"]
[White "Meijerink, Inken"]
[Black "Hahn, Sebastian"]
[Result "1-0"]
[WhiteElo "1698"]
[BlackElo "1180"]
[PlyCount "67"]
[EventDate "2020.??.??"]
[WhiteTeam "SK Nordhorn-Blanke"]
[BlackTeam "Turm Lüneburg"]

1. e4 c5 2. Nf3 d6 3. d4 cxd4 4. Nxd4 Nf6 5. Nc3 a6 6. Be2 e6 7. Be3 Be7 8. O-O
O-O 9. Qd2 Bd7 10. Rad1 b5 11. a3 Nc6 12. f4 e5 13. Nb3 Rc8 14. f5 Qc7 15. g4
b4 16. axb4 Nxb4 17. g5 Ne8 18. f6 gxf6 19. gxf6 Bxf6 20. Rxf6 Nxf6 21. Bh6 Kh8
22. Bg7+ Kxg7 23. Qg5+ Kh8 24. Qxf6+ Kg8 25. Kh1 Bf5 26. exf5 Rfe8 27. Rg1+ Kf8
28. Qh6+ Ke7 29. Qh4+ Kd7 30. Qxb4 Qc6+ 31. Qe4 Qb6 32. Nd5 Qd8 33. Bxa6 Rb8
34. Qa4+ 1-0